A Study of Absenteeism and Disciplinary Action (Record no. 97209)

MARC details
000 -LEADER
fixed length control field 00392nam a2200145Ia 4500
008 - FIXED-LENGTH DATA ELEMENTS--GENERAL INFORMATION
fixed length control field 230128s9999 xx 000 0 und d
041 ## - LANGUAGE CODE
Language code of text/sound track or separate title eng
082 ## - DEWEY DECIMAL CLASSIFICATION NUMBER
Classification number RAU PR0441
Item number RAU
100 ## - MAIN ENTRY--PERSONAL NAME
Personal name Raut Nikita J - 2K91144
9 (RLIN) 118911
245 ## - TITLE STATEMENT
Title A Study of Absenteeism and Disciplinary Action
260 ## - PUBLICATION, DISTRIBUTION, ETC. (IMPRINT)
Date of publication, distribution, etc. 2011
Name of publisher, distributor, etc. Pune University
Place of publication, distribution, etc. Pune
300 ## - PHYSICAL DESCRIPTION
Extent 67p
502 ## - DISSERTATION NOTE
Name of granting institution Gaikwad Anand

No items available.